Informe del C.N.P. al Banco Centroamericano de Integración Económica para el estudio de "elegibilidad del empréstito"

Guardado en:
Bibliografiske detaljer
Institution som forfatter: Consejo Nacional de Producción
Format: Texto
Udgivet: San José: CNP
Tags: Tilføj Tag
Ingen Tags, Vær først til at tagge denne postø!

MARC

LEADER 00000 a a2200000 04500
001 16473
003
040
090 |a 012200  
110 |a Consejo Nacional de Producción  
245 |a Informe del C.N.P. al Banco Centroamericano de Integración Económica para el estudio de "elegibilidad del empréstito"  
260 |a San José:   |b CNP  
300 |a 9 p  
999 |c 16389  |d 16389